Broughton's Nautical Academy
Descripción Física:
16 p. ; 21 cm
MARC
| LEADER | 00000nam a2200000Ia 4500 | ||
|---|---|---|---|
| 001 | 15909 | ||
| 003 | BGR | ||
| 005 | 20260410113639.0 | ||
| 008 | 160829s9999 xx 000 0 cat d | ||
| 080 | |a RF-12-45 | ||
| 110 | 2 | |a Broughton's Nautical Academy |9 70691 | |
| 245 | |a Broughton's Nautical Academy | ||
| 260 | |a London : |b [s.n.], [1911?] | ||
| 300 | |a 16 p. ; |c 21 cm | ||
| 590 | |a A la coberta: Nautical School. | ||
| 590 | |a Conté un díptic solt amb informació de la London County Council. Nautical School. | ||
| 650 | |a Orientació escolar |x Londres |9 39096 | ||
| 650 | |a Navegació |x Ensenyament |9 39094 | ||
| 856 | 4 | |u https://media.diba.cat/diba/fitxers/arxiu/fulletons/bib_15909_1911_baixa.pdf |y Accés lliure | |
| 856 | 4 | |u https://media.diba.cat/diba/fitxers/arxiu/fulletons/bib_15909_1911_baixa.pdf |y Accés lliure | |
| 900 | |a bib_15909_1911_baixa.pdf | ||
| 901 | |a Arxiu | ||
| 942 | |n 1 |2 udc |c MON | ||
| 952 | |0 0 |1 0 |4 0 |6 RF1245 |7 1 |9 48797 |a Arxiu |b Arxiu |d 2016-12-01 |l 0 |o RF-12-45 |p 15909 |r 2016-12-01 00:00:00 |w 2016-12-01 |y ARXIU | ||
| 999 | |c 52630 |d 52630 | ||